00261 a2200109 4500001000700000020000600007040001100013100002300024240005000047245004500097362000900142169660 a  cMagnum aMussen, Paul Henry10aDesarrollo de la personalidad en el ninolESP10aDesarrollo de la personalidad en el nino0 a1899